000 00797cam1a220025300 4500
001 lce00313528
008 770706s1975 enkabd b 000 0 eng
010 _a 77358405 //r88
015 _aGB77-02995
020 _cL.0.50
035 _a(Sirsi) r14772
035 _a(DLC) 77358405 //r88
035 _a(UPRA)lce00313528
050 0 _aQC993.7
_b.T45
082 _a551.6/9/154
100 1 _aThompson, Russell D.
_6A48171.1
245 1 4 _aThe climatology of the arid world /
_c[by] R. D. Thompson.
260 _aReading :
_bDepartment of Geography, University of Reading,
_c1975.
440 0 _x0305-5914 ; v20.1..1.6
_6S3975.1
504 _aBibliography: p. 38-[39].
650 0 _aArid regions climate.
_6S53271.1
949 _aQC993.7
_wlcc
_i-8939
_mMAIN
_tBOOK
_lON-SHELF
004 14772
999 _c153407
_d153407